| Tag |
First Indicator |
Second Indicator |
Subfields |
| LEADER |
00000cam a22000004a 4500 |
| 001 |
in00001748921 |
| 005 |
20151025070815.0 |
| 008 |
030127s2003 ctua b 001 0 eng |
| 010 |
|
|
|a 2003001618
|
| 016 |
7 |
|
|a 101165492
|2 DNLM
|
| 020 |
|
|
|a 1565491629 (pbk. : alk. paper)
|
| 035 |
|
|
|a (OCoLC)ocm51553513
|
| 040 |
|
|
|a DNLM/DLC
|c DLC
|d NLM
|d C#P
|d TXA
|d UtOrBLW
|
| 042 |
|
|
|a pcc
|
| 049 |
|
|
|a TXAM
|
| 050 |
0 |
0 |
|a RA643.8
|b .H65 2003
|
| 060 |
0 |
0 |
|a 2003 G-258
|
| 060 |
1 |
0 |
|a WC 503.6
|b H753p 2003
|
| 082 |
0 |
0 |
|a 616.97/9205
|2 21
|
| 100 |
1 |
|
|a Holmes, Wendy,
|d 1956-
|
| 245 |
1 |
0 |
|a Protecting the future :
|b HIV prevention, care, and support among displaced and war-affected populations /
|c Wendy Holmes ; illustrations by Julie Smith.
|
| 264 |
|
1 |
|a Bloomfield, Conn. :
|b Kumarian Press,
|c 2003.
|
| 300 |
|
|
|a x, 228 pages :
|b illustrations ;
|c 28 cm.
|
| 336 |
|
|
|a text
|b txt
|2 rdacontent
|
| 337 |
|
|
|a unmediated
|b n
|2 rdamedia
|
| 338 |
|
|
|a volume
|b nc
|2 rdacarrier
|
| 504 |
|
|
|a Includes bibliographical references and index.
|
| 505 |
0 |
|
|a Exploring your own knowledge, attitudes and beliefs -- Basic facts about HIV infection -- Thinking about the community you work with -- What role might NGOs play in the response to HIV? -- Gathering information - analyzing the situation -- The strategic planning process -- Counseling for HIV prevention and care -- Strategies for prevention of sexual transmission -- Strategies for prevention of transmission through injecting drug use -- Strategies to enable people to live positively with HIV -- Parent-to-child transmission: prevention and care -- Strategies for prevention of transmission through blood transfusion -- Strategies for prevention of transmission in health care settings -- Providing care and support.
|
| 650 |
|
0 |
|a AIDS (Disease)
|x Prevention.
|
| 650 |
|
0 |
|a AIDS (Disease)
|x Patients
|x Services for.
|
| 650 |
|
0 |
|a Non-governmental organizations.
|
| 650 |
|
0 |
|a Refugees
|x Medical care.
|
| 948 |
|
|
|a cataloged
|b h
|c 2003/6/4
|d c
|e jgreene
|f 10:35:29 am
|
| 994 |
|
|
|a E0
|b TXA
|
| 999 |
|
|
|a MARS
|
| 999 |
f |
f |
|s 5cdf4c7f-67dc-37aa-912b-24bc8f734786
|i 85c346b5-8094-350b-a479-b38d682c4632
|t 0
|
| 952 |
f |
f |
|p ric
|a Texas A&M University
|b Rellis Campus
|c Joint Library Facility
|d Remote Storage
|t 0
|e RA643.8 .H65 2003
|h Library of Congress classification
|i unmediated -- volume
|m A14830267508
|
| 998 |
f |
f |
|a RA643.8 .H65 2003
|t 0
|l Remote Storage
|